Excel 4.0 facile

Bibliographic Details
Main Authors: Otwaschkau, Françoise (Author), Vuylsteke, Jean-Pierre (Author)
Format: Book
Language:French
PhysicalDescription:576 s. 18 cm
Published: Alleur Marabout 1993
ISBN:2501019537
Series:Marabout informatique. Micro - informatique
Subjects:

MARC

LEADER 00000cam a2200000 a 4500
001 vtls001180536
003 SK-MaSNL
005 20260301233902.0
008 250414s1993 be 00000 fre
020 |a 2501019537 
035 |a SNK000123538 
040 |a SNK  |b slo  |c SNK  |e AACR2 
041 0 |a fre 
044 |a be  |c BE 
080 |a 681.3.06 EXCEL 4.0  |2 1981 
100 1 |a Otwaschkau, Françoise  |4 aut  |9 629117 
245 1 0 |a Excel 4.0 facile  |c Françoise Otwaschkau, Jean-Pierre Vuylsteke 
260 |a Alleur  |b Marabout  |c 1993 
300 |a 576 s.  |c 18 cm 
490 0 |a Marabout informatique. Micro - informatique 
650 0 7 |a Excel 4.0  |2 SNKPH  |9 629118 
655 7 |a príručky  |2 SNKPH  |9 74364 
700 1 |a Vuylsteke, Jean-Pierre  |4 aut  |9 629119 
852 |a Slovenská národná knižnica 
919 |a 2-501-01953-7 
999 |c 968015  |d 969945 
952 |t P60, <04>, [BOOK], {604}  |a SNK  |b SNK  |y VYP  |7 0  |p 17A0231382  |o snkID 95690  |0 0  |1 0  |4 0  |d 2000-03-11  |l 0  |r 2005-01-01 00:00:00  |w 2026-02-24